<?xml version="1.0" encoding="UTF-8"?>
<record
    xmlns:xsi="http://www.w3.org/2001/XMLSchema-instance"
    xsi:schemaLocation="http://www.loc.gov/MARC21/slim http://www.loc.gov/standards/marcxml/schema/MARC21slim.xsd"
    xmlns="http://www.loc.gov/MARC21/slim">

  <leader>01645cam a22002651  4500</leader>
  <controlfield tag="001">28164</controlfield>
  <controlfield tag="003">BD-RjUL</controlfield>
  <controlfield tag="005">20211209051239.0</controlfield>
  <controlfield tag="008">140329s1961    nyu           001 0aeng</controlfield>
  <datafield tag="035" ind1=" " ind2=" ">
    <subfield code="a">(BD-RjUL)28245</subfield>
  </datafield>
  <datafield tag="035" ind1=" " ind2=" ">
    <subfield code="a">(OCoLC)1098289</subfield>
  </datafield>
  <datafield tag="040" ind1=" " ind2=" ">
    <subfield code="a">DLC</subfield>
    <subfield code="c">TxU-Da</subfield>
    <subfield code="d">OCoLC</subfield>
    <subfield code="d">NDeUA</subfield>
    <subfield code="d">DLC</subfield>
    <subfield code="b">eng</subfield>
  </datafield>
  <datafield tag="041" ind1=" " ind2=" ">
    <subfield code="a">eng</subfield>
  </datafield>
  <datafield tag="082" ind1=" " ind2=" ">
    <subfield code="a">923.273</subfield>
    <subfield code="b">NOF 1961</subfield>
  </datafield>
  <datafield tag="100" ind1="1" ind2=" ">
    <subfield code="a">Norris, George W.</subfield>
    <subfield code="q">(George William),</subfield>
    <subfield code="d">1861-1944</subfield>
    <subfield code="9">86292</subfield>
  </datafield>
  <datafield tag="245" ind1="1" ind2="0">
    <subfield code="a">Fighting liberal :</subfield>
    <subfield code="b">the autobiography of George W. Norris /</subfield>
    <subfield code="c">Introd. by Arthur M. Schlesinger, Jr.</subfield>
  </datafield>
  <datafield tag="260" ind1=" " ind2=" ">
    <subfield code="a">New York :</subfield>
    <subfield code="b">Collier Books,</subfield>
    <subfield code="c">1961</subfield>
  </datafield>
  <datafield tag="300" ind1=" " ind2=" ">
    <subfield code="a">414 p. ;</subfield>
    <subfield code="c">18 cm.</subfield>
  </datafield>
  <datafield tag="490" ind1="0" ind2=" ">
    <subfield code="a">Collier books,</subfield>
    <subfield code="v">BS39</subfield>
  </datafield>
  <datafield tag="504" ind1=" " ind2=" ">
    <subfield code="a">Includes index</subfield>
  </datafield>
  <datafield tag="505" ind1="0" ind2=" ">
    <subfield code="a">An Ohio farm -- My mother -- Early education -- On to Valparaiso -- The L.U.N. (Lunatics under Norris) -- Washington Territory -- A law practice -- An ardent Republican -- Conceptions of justice -- Marriage and home -- Reluctant decision -- Payne-Aldrich tariff bill -- The unhorsing of Speaker Cannon -- The Archibald impeachment -- The party rawhide -- For the grand old party -- No friendly atmosphere -- Hetch Hetchy -- Death kiss by filibuster -- Declaration of war -- Defeat of the league -- A Senate seat for sale -- Teapot Dome -- Lonely pilgrimage -- A second emancipation -- TVA in existence -- Relief for the farmer -- Grocer Norris -- Yellog dog contract -- Lighting the farms -- The lame duck amendment -- Unicameral legislature -- Limitations upon voting -- America taking shape -- Steps toward peace -- Lend-lease -- Inflation -- By way of farewell.</subfield>
  </datafield>
  <datafield tag="942" ind1=" " ind2=" ">
    <subfield code="2">ddc</subfield>
    <subfield code="c">BK</subfield>
  </datafield>
  <datafield tag="999" ind1=" " ind2=" ">
    <subfield code="c">28164</subfield>
    <subfield code="d">28164</subfield>
  </datafield>
  <datafield tag="952" ind1=" " ind2=" ">
    <subfield code="0">0</subfield>
    <subfield code="1">0</subfield>
    <subfield code="2">ddc</subfield>
    <subfield code="4">0</subfield>
    <subfield code="7">2</subfield>
    <subfield code="8">NFIC</subfield>
    <subfield code="a">RUCL</subfield>
    <subfield code="b">RUCL</subfield>
    <subfield code="c">Reading</subfield>
    <subfield code="d">1964-05-19</subfield>
    <subfield code="e">Zeitlinger</subfield>
    <subfield code="g">11.60</subfield>
    <subfield code="l">0</subfield>
    <subfield code="o">923.273 NOF 1961</subfield>
    <subfield code="r">2014-03-29 00:00:00</subfield>
    <subfield code="t">C-1</subfield>
    <subfield code="w">2014-03-29</subfield>
    <subfield code="y">BK</subfield>
  </datafield>
</record>
